Los Once / (Record no. 180176)

MARC details
000 -LEADER
campo de control de longitud fija 00835nam a2200253 i 4500
001 - NÚMERO DE CONTROL
campo de control 180176
003 - IDENTIFICADOR DE NÚMERO DE CONTROL
campo de control ES-MaACL
005 - FECHA Y HORA DE LA ÚLTIMA TRANSACCIÓN
campo de control 20230928183503.0
008 - DATOS DE LONGITUD FIJA--INFORMACIÓN GENERAL
campo de control de longitud fija 120511s2010 sp |||| | spa d
020 ## - NÚMERO INTERNACIONAL ESTÁNDAR DEL LIBRO
Número Internacional Estándar del Libro 978-84-339-7539-3
080 ## - NÚMERO DE LA CLASIFICACIÓN DECIMAL UNIVERSAL
Número de la Clasificación Decimal Universal 821.133.1-31"19"
100 1# - ENTRADA PRINCIPAL--NOMBRE DE PERSONA
Nombre de persona Michon, Pierre.
9 (RLIN) 149990
245 14 - MENCIÓN DEL TÍTULO
Título Los Once /
Mención de responsabilidad, etc. Pierre Michon ; traducción de María Teresa Gallego Urrutia.
250 ## - MENCION DE EDICION
Mención de edición 1ª ed.
260 ## - PUBLICACIÓN, DISTRIBUCIÓN, ETC.
Lugar de publicación, distribución, etc. Barcelona :
Nombre del editor, distribuidor, etc. Anagrama,
Fecha de publicación, distribución, etc. 2010.
300 ## - DESCRIPCIÓN FÍSICA
Extensión 137 p. ;
Dimensiones 22 cm.
490 1# - MENCIÓN DE SERIE
Mención de serie Panorama de narrativas ;
Designación de volumen o secuencia 758
586 8# - NOTA DE PREMIOS
Nota de premios Gran Premio de Novela de la Academia Francesa
700 1# - ENTRADA AGREGADA--NOMBRE PERSONAL
Nombre de persona Gallego Urrutia, María Teresa.
9 (RLIN) 53590
830 10 - PUNTO DE ACCESO ADICIONAL DE SERIE-TÍTULO UNIFORME
Título uniforme Panorama de narrativas
Designación de volumen o secuencia 758
9 (RLIN) 123642
852 ## - LOCALIZACIÓN
Ubicación ES-MaACL
Número de control de estantería A-12086
itemnumber 187086
Sublocalización o colección R.146856
Ubicación en estantería Depósito 1
Signatura antigua Olim: N-5091
942 ## - ELEMENTOS DE ENTRADA SECUNDARIOS (KOHA)
Fuente del sistema de clasificación o colocación Clasificación decimal universal
Tipo de ítem Koha Libro impreso
Holdings
Estatus retirado Estado de pérdida Fuente del sistema de clasificación o colocación Estado de daño No para préstamo Biblioteca de origen Biblioteca actual Ubicación en estantería Fecha de adquisición Fuente de adquisición Total de préstamos Signatura topográfica completa Código de barras Visto por última vez Precio de reemplazo Tipo de ítem Koha
    Clasificación decimal universal     Biblioteca del Ateneo de Madrid Biblioteca del Ateneo de Madrid Depósito 1 11/05/2012 Compra   A-12086 1189317 23/02/2023 23/02/2023 Libro impreso